| 000 | 01472cam a22001934a 4500 | ||
|---|---|---|---|
| 005 | 20250605163343.0 | ||
| 008 | 250528s ||||||||||||||||||||||||d | ||
| 035 | _a17481 | ||
| 020 | _a17917328 | ||
| 040 |
_aGR-AtMCL _bgre _dGR-AtMCL _eAACR2 |
||
| 245 | 1 | _aΕπιλόγος / Ετήσια Πολιτιστική Έκδοση | |
| 260 |
_bΕπιλογος, _c2012 |
||
| 300 | _a562 | ||
| 505 | 0 | _aΑφιέρωμα στον Γλύπτη Θόδωρο, Αφιέρωμα στον Σταύρο Ξαρχάκο, Αφιέρωμα στον Τίτο Πατρίκιο, Θέατρο, Μουσική, Χορός, Εικαστικά, Φωτογραφία, Κινηματογράφος, Φεστιβάλ, Αρχιτεκτονική, Γράμματα και Τέχνες, Κόμικ, Media, Πολιτιστική Πολιτική, Επέτειοι, Χρονολόγιο Θεατρικών Παραστάσεων. | |
| 520 | _aΑφιέρωμα στον Γλύπτη Θόδωρο, Αφιέρωμα στον Σταύρο Ξαρχάκο, Αφιέρωμα στον Τίτο Πατρίκιο, Θέατρο, Μουσική, Χορός, Εικαστικά, Φωτογραφία, Κινηματογράφος, Φεστιβάλ, Αρχιτεκτονική, Γράμματα και Τέχνες, Κόμικ, Media, Πολιτιστική Πολιτική, Επέτειοι, Χρονολόγιο Θεατρικών Παραστάσεων. | ||
| 942 | _cBK | ||
| 999 |
_c2890 _d2890 |
||